Magic of magic squares/ (Record no. 11941)

MARC details
000 -LEADER
fixed length control field 00662 a2200205 4500
010 ## - LIBRARY OF CONGRESS CONTROL NUMBER
LC control number ENG-90077
020 ## - INTERNATIONAL STANDARD BOOK NUMBER
Terms of availability 75.00
035 ## - SYSTEM CONTROL NUMBER
System control number EN-73610
037 ## - SOURCE OF ACQUISITION
Source of stock number/acquisition DBAD / PUB
082 14 - DEWEY DECIMAL CLASSIFICATION NUMBER
Classification number 793.74
090 ## - LOCALLY ASSIGNED LC-TYPE CALL NUMBER (OCLC); LOCAL CALL NUMBER (OCLC)
-- 12295
-- 12295
100 ## - MAIN ENTRY--PERSONAL NAME
Personal name Indira Narasinga Rao
245 1# - TITLE STATEMENT
Title Magic of magic squares/
Statement of responsibility, etc by Indira Narasinga Rao
260 ## - PUBLICATION, DISTRIBUTION, ETC. (IMPRINT)
Place of publication, distribution, etc Chennai
Name of publisher, distributor, etc Indira Publishers
Date of publication, distribution, etc 2007
270 ## - ADDRESS
Address No. 22/19, Anjaneyar Koil Street, East Tambaram,
City Chennai
Postal code 600059
300 ## - PHYSICAL DESCRIPTION
Extent viii, 104p.
Dimensions 21 cm ( Pbk.)
700 ## - ADDED ENTRY--PERSONAL NAME
Personal name Husain, M.G.
942 ## - ADDED ENTRY ELEMENTS (KOHA)
Institution code [OBSOLETE] dpl
Koha item type English Books
Call number prefix 793.74 / IND
Holdings
Withdrawn status Lost status Source of classification or shelving scheme Damaged status Not for loan Collection code Home library Current library Source of acquisition Cost, normal purchase price Total Checkouts Full call number Barcode Date last seen Copy number Uniform Resource Identifier Cost, replacement price Price effective from Koha item type
    Dewey Decimal Classification   Not For Loan Non-fiction D.B.Act.Division D.B.Act.Division DBAD/PUB 75.00   793.74 IND EN-73610 15/09/2008 1 13059 75.00 15/09/2008 English Books

© Delhi Public Library
Hit Counter
free hit counter